Využitie bórom dopovaných diamantových elektród na riešenie úloh klinickej, potravinárskej a environmentálnej stopovej analýzy habilitačná práca

Salvato in:
Dettagli Bibliografici
Autore principale: Švorc, Ľubomír
Natura: Libro
Lingua:slovacco
Pubblicazione: Bratislava STU FCHPT 2014
Accesso online:Visualizza in OPAC
Tags: Aggiungi Tag
Nessun Tag, puoi essere il primo ad aggiungerne!!

MARC

LEADER 00000nam a2200000 a 4500
005 20260127134036.0
008 150506 2014 000 0 slo d
035 |a vtls010677576 
039 9 |y 201505061350  |z mschk03 
040 |a STUSCHK1  |b slo  |c STUSCHK1  |e AACR2 
100 1 |a Švorc, Ľubomír 
245 1 |a Využitie bórom dopovaných diamantových elektród na riešenie úloh klinickej, potravinárskej a environmentálnej stopovej analýzy  |b habilitačná práca  |c Ľubomír Švorc 
260 |a Bratislava  |b STU FCHPT  |c 2014 
300 |a 37 s.  |b il.  |c 30 cm 
910 |a SCHK95 
999 |c 2718  |d 2718